Central Library OPAC University of Rajshahi

Municipal ownership; (Record no. 44828)

MARC details
000 -LEADER
fixed length control field 01100nam a2200229 a 4500
001 - CONTROL NUMBER
control field 44828
003 - CONTROL NUMBER IDENTIFIER
rucl marc code BD-RjUL
005 - DATE AND TIME OF LATEST TRANSACTION
control field 20211209053926.0
008 - FIXED-LENGTH DATA ELEMENTS--GENERAL INFORMATION
fixed length control field 160720s1907 nyu 000 0 eng c
035 ## - SYSTEM CONTROL NUMBER
System control number (BD-RjUL)44946
040 ## - CATALOGING SOURCE
Original cataloging agency HRM
Transcribing agency HRM
Modifying agency OCL
-- MYG
-- BD-RjUL
Language of cataloging eng
041 ## - LANGUAGE CODE
Language code of text/sound track or separate title eng
082 ## - DEWEY DECIMAL CLASSIFICATION NUMBER
Edition number 23
Classification number 352
Author mark and year DAM 1907
100 1# - MAIN ENTRY--PERSONAL NAME
Personal name Darwin, Leonard
Dates associated with a name 1850-1943.
9 (RLIN) 137394
245 10 - TITLE STATEMENT
Title Municipal ownership;
Remainder of title four lectures delivered at Harvard university 1907,
Statement of responsibility, etc. by Leonard Darwin.
260 ## - PUBLICATION, DISTRIBUTION, ETC. (IMPRINT)
Place of publication, distribution, etc. New York :
Name of publisher, distributor, etc. E.P. Dutton and company,
Date of publication, distribution, etc. 1907.
300 ## - PHYSICAL DESCRIPTION
Pagination 3 p. \2113., ix-xv, 149 p. \2113.
Size 19 cm.
500 ## - GENERAL NOTE
General note "Printed in Great Britain."
505 0# - FORMATTED CONTENTS NOTE
Formatted contents note I. Ownership not the main question. The regulation of private industry. Municipal ownership and local taxation.--II. Municipal statistics. Price and quality. A priori arguments. Financial conclusions.--III. Municipal corruption. Wages in municipal industries. The case of direct employment.--IV. Municipal ownership. General conclusions. Socialistic ideals and municipal ownership.
650 #0 - SUBJECT ADDED ENTRY--TOPICAL TERM
Topical term or geographic name as entry element Municipal ownership.
9 (RLIN) 137395
942 ## - ADDED ENTRY ELEMENTS (KOHA)
Source of classification or shelving scheme Dewey Decimal Classification
Koha item type Books
Holdings
Lost status Source of classification or shelving scheme Damaged status Not for loan Collection code Permanent Location Current Location Shelving location Date acquired Source of acquisition Cost, normal purchase price Total Checkouts Full call number Date last seen Copy number Koha item type
  Dewey Decimal Classification     Non-fiction Central Library, University of Rajshahi Central Library, University of Rajshahi   06/02/1958 Oxford University Press 2.06   352 DAM 1907 20/07/2016 C-2 Books